00580nam a2200193Ia 4500008004100000020001500041082001500056100002700071245004500098250000800143260002700151300001200178500002400190650001200214700003200226942000700258952010600265999001500371230524s9999 xx 000 0 und d a8125915974 a4.133bRAJ aRajneesh Agrawal94588 0aData Communication And Computer Networks a1ST aNEW DELHIbVikasc2005 aVII;397 aQuantity Number: 1 aComp-Sc a Bharat Bhusan Tiwari94589 cBK 00104070aTATCLbTATCLcGENd2023-05-24l0o004.133 RAJp6356r2023-05-24w2023-05-24yBKzCPSE3307 c6723d6723